[Event "2023 Standard Chess Dropout Tournament, Round 4"]
[Site "SchemingMind.com"]
[Date "2024.05.24"]
[Round "4"]
[White "Stephen Dunning"]
[Black "Andreas Flato"]
[Result "1-0"]
[WhiteCountry "WLS"]
[BlackCountry "GER"]
[WhiteElo "1944"]
[WhiteRD "79"]
[BlackElo "1899"]
[BlackRD "115"]
[GameID "744825"]

1. d4 d5 2. Bf4 Nf6 3. Nf3 c6 4. e3 Nbd7 5. h3 g6 6. c4 Bg7 7. Nc3 O-O 8. cxd5 Nxd5 9. Nxd5 cxd5 10. Bd3 Re8
11. O-O e5 12. dxe5 Nxe5 13. Bxe5 Bxe5 14. Nxe5 Rxe5 15. Be2 Qh4 16. Bf3 Be6 17. Rc1 Bxh3 18. gxh3 Qxh3 19. Bg2 Rg5 20. Qxd5 Qh5
21. Qxb7 Rf8 22. Rc4 a5 23. Rfc1 Rb5 24. Qe7 Rxb2 25. Rc8 Qh6 26. Bd5
1-0

[Event "2023 Standard Chess Dropout Tournament, Round 4"]
[Site "SchemingMind.com"]
[Date "2024.05.28"]
[Round "4"]
[White "slotheman"]
[Black "Derek Price"]
[Result "0-1"]
[WhiteCountry "USA"]
[BlackCountry "ENG"]
[WhiteElo "1523"]
[WhiteRD "117"]
[BlackElo "2422"]
[BlackRD "66"]
[GameID "744826"]

1. Nf3 Nf6 2. c4 g6 3. Nc3 Bg7 4. e4 d6 5. d4 O-O 6. h3 Nbd7 7. e5 Ne8 8. Qa4 dxe5 9. d5 Nd6 10. Bd3 Nc5
11. Qc2 Nxd3+ 12. Qxd3 f5 13. O-O e4 14. Qe2 exf3 15. Qxf3 Nxc4 16. Qe2 Nd6 17. Re1 Rf7 18. Nb5 Nxb5 19. Qxb5 Qd7 20. Qb4 Qxd5
21. Bg5 c5 22. Qb5 Bd7 23. Rad1 Qxd1 24. Rxd1 Bxb5 25. Re1 e5 26. Rd1 Rd7
0-1

[Event "2023 Standard Chess Dropout Tournament, Round 4"]
[Site "SchemingMind.com"]
[Date "2024.05.28"]
[Round "4"]
[White "splinter"]
[Black "Thomas Meehan"]
[Result "1-0"]
[WhiteCountry "CAN"]
[BlackCountry "ENG"]
[WhiteElo "1816"]
[WhiteRD "87"]
[BlackElo "1419"]
[BlackRD "140"]
[GameID "744827"]

1. c4 Nf6 2. g3 g6 3. Bg2 Bg7 4. Nf3 O-O 5. O-O d6 6. Nc3 e5 7. d3 Nc6 8. Bg5 h6 9. Bd2 Bg4 10. h3 Bxf3
11. Bxf3 Nd4 12. Bg2 c5 13. e3 Nc6 14. a3 Qb6 15. Qc2 a6 16. f4 exf4 17. Rxf4 Rfe8 18. Raf1 Qd8 19. Nd5 Re6 20. Nxf6+ Bxf6
21. Bxc6 bxc6 22. Bc3 Bxc3 23. Qxc3 f6 24. Rxf6 Rxf6 25. Rxf6 Qe7 26. Rxg6+ Kh7 27. Rf6 Rf8 28. Rxf8 Qxf8 29. Kg2 Qe7 30. e4 h5
31. b4 h4 32. g4 Qe5 33. Qxe5 dxe5 34. bxc5 Kg6 35. Kf3 Kg5 36. Ke3 Kf6 37. d4 exd4+ 38. Kxd4 Kg5 39. Ke5 a5 40. a4 Kg6
41. Kd6 Kg5 42. e5 Kf4 43. e6 Kg3 44. e7 Kxh3 45. g5 Kg3 46. e8=Q h3 47. g6 h2 48. g7 h1=Q 49. g8=Q+ Kf2 50. Qgf7+
1-0

[Event "2023 Standard Chess Dropout Tournament, Round 4"]
[Site "SchemingMind.com"]
[Date "2024.05.24"]
[Round "4"]
[White "spoke"]
[Black "TigerFeet"]
[Result "1/2-1/2"]
[WhiteCountry "GER"]
[BlackCountry "ENG"]
[WhiteElo "1843"]
[WhiteRD "74"]
[BlackElo "2074"]
[BlackRD "81"]
[GameID "744828"]

1. e4 c5 2. Nf3 Nf6 3. Nc3 d5 4. exd5 Nxd5 5. Nxd5 Qxd5 6. Bb5+ Bd7 7. Bxd7+ Nxd7 8. O-O e6 9. d4 cxd4 10. Qxd4 Qxd4
11. Nxd4 Bc5 12. Be3 O-O 13. Rad1 Rfd8 14. b3 Nf6 15. Nf5 Bb4 16. Ng3 Nd5 17. Bd4 Rac8 18. c4 Nc3 19. Bxc3 Bxc3 20. Ne4 Bb4
21. f4 f6 22. g3 Kf7 23. Kf2 Ke7 24. Ke2 f5 25. Ng5 h6 26. Nf3 Bc3 27. Rxd8 Rxd8 28. Rd1 Rxd1=
1/2-1/2

[Event "2023 Standard Chess Dropout Tournament, Round 4"]
[Site "SchemingMind.com"]
[Date "2024.05.24"]
[Round "4"]
[White "The Chess Machine"]
[Black "Jon Coles"]
[Result "0-1"]
[WhiteCountry "ENG"]
[BlackCountry "WLS"]
[WhiteElo "2522"]
[WhiteRD "76"]
[BlackElo "2538"]
[BlackRD "103"]
[GameID "744829"]

1. e4 e6 2. d4 d5 3. Nc3 Nf6 4. e5 Nfd7 5. f4 c5 6. Nf3 cxd4 7. Nxd4 Nc6 8. Be3 Qb6 9. Qd2 Qxb2 10. Rb1 Qa3
11. Bb5 Nxd4 12. Bxd4 a6 13. Bxd7+ Bxd7 14. Rb3 Qe7 15. Rxb7 Qd8 16. O-O Qc8 17. Rfb1 Bc5 18. f5 Bb5 19. Bxc5 Qxc5+ 20. Kh1 exf5
21. Qxd5 Qxd5 22. Nxd5 O-O-O 23. Ra7 Rxd5 24. Rxf7 Rxe5
0-1

[Event "2023 Standard Chess Dropout Tournament, Round 4"]
[Site "SchemingMind.com"]
[Date "2024.05.24"]
[Round "4"]
[White "TigerFeet"]
[Black "Matthew Bailey"]
[Result "0-1"]
[WhiteCountry "ENG"]
[BlackCountry "ENG"]
[WhiteElo "2074"]
[WhiteRD "81"]
[BlackElo "2551"]
[BlackRD "69"]
[GameID "744830"]

1. d4 Nf6 2. e3 d5 3. Bd3 c5 4. c3 Nc6 5. f4 Bg4 6. Nf3 e6 7. O-O Bd6 8. Qe1 O-O 9. Ne5 Bf5 10. Be2 Qc7
11. Nd2 h6 12. g4 Bh7 13. h4 Ne7 14. h5 c4 15. Bf3 Kh8 16. Qh4 Nfg8 17. Bg2 f6 18. Nef3 e5 19. f5 e4 20. Ne1 Rfe8
21. Bh1 Nc6 22. Ng2 Nge7 23. Nf4 Bg8 24. Qe1 b5 25. b3 a5 26. a4 Bxf4 27. Rxf4 b4 28. bxc4 dxc4 29. Rxe4 Nd5 30. Rxe8 Rxe8
31. Ne4 Nxc3 32. Nxc3 bxc3 33. Qxc3 Qg3+ 34. Kf1 Nb4
0-1

[Event "2023 Standard Chess Dropout Tournament, Round 4"]
[Site "SchemingMind.com"]
[Date "2024.05.24"]
[Round "4"]
[White "trazadora"]
[Black "Carlos Vila Hernández"]
[Result "1/2-1/2"]
[WhiteCountry "CUB"]
[BlackCountry "CUB"]
[WhiteElo "2545"]
[WhiteRD "91"]
[BlackElo "2544"]
[BlackRD "94"]
[GameID "744831"]

1. b3 e5 2. Bb2 Nc6 3. e3 Nf6 4. c4 d5 5. cxd5 Nxd5 6. Nf3 e4 7. Nd4 Nxd4 8. Bxd4 a6 9. a3 c5 10. Bb2 Bf5
11. g3 h5 12. Bg2 h4 13. d3 Nf6 14. O-O exd3 15. Nd2 Qd7 16. Qf3 Rb8 17. Be5 h3 18. Bh1 Bg4 19. Qf4 Rd8 20. Bxf6 gxf6
21. Qe4+ Be7 22. Qxb7 Qe6 23. Bf3 f5 24. Qc6+ Qxc6 25. Bxc6+ Kf8 26. Bf3 Bxf3 27. Nxf3 Bf6 28. Rab1 f4 29. Rfd1 fxe3 30. fxe3=
1/2-1/2

[Event "2023 Standard Chess Dropout Tournament, Round 4"]
[Site "SchemingMind.com"]
[Date "2024.05.28"]
[Round "4"]
[White "Udo Sprang"]
[Black "slotheman"]
[Result "1-0"]
[WhiteCountry "NED"]
[BlackCountry "USA"]
[WhiteElo "2058"]
[WhiteRD "109"]
[BlackElo "1532"]
[BlackRD "112"]
[GameID "744832"]

1. c4 d6 2. Nc3 g6 3. d4 Bg7 4. e4 e5 5. d5 Nf6 6. Be2 O-O 7. Nf3 a5 8. a4 Ra6 9. Rb1 Rb6 10. O-O Na6
11. Be3 c5 12. dxc6 Rxc6 13. Nd2 Be6 14. Nd5 Nd7 15. Qb3 b6 16. Qb5 Nab8 17. b4 axb4 18. Nxb4 Rc8 19. Nd5 Bxd5 20. cxd5 Nc5
21. f3 Nbd7 22. Nc4 Nf6 23. Nxb6 Rb8 24. Bxc5 dxc5 25. Qxc5 Nd7 26. Nxd7 Qxd7 27. Rxb8 Rxb8 28. Bb5 Qd8 29. d6 Bf8 30. Rd1 Rb6
31. Qc7 Rxd6 32. Qxd8
1-0

[Event "2023 Standard Chess Dropout Tournament, Round 5"]
[Site "SchemingMind.com"]
[Date "2024.11.09"]
[Round "5"]
[White "Carlos Vila Hernández"]
[Black "John Elburg"]
[Result "*"]
[WhiteCountry "CUB"]
[BlackCountry "NED"]
[WhiteElo "2541"]
[WhiteRD "103"]
[BlackElo "2561"]
[BlackRD "110"]
[GameID "748691"]

1. e4 e5 2. Nf3 Nc6 3. Bb5 a6 4. Ba4 Nf6 5. O-O Be7 6. Re1 b5 7. Bb3 O-O 8. h3 Bb7 9. d3 d5 10. exd5 Nxd5
11. Nxe5 Nd4 12. Nc3 Nb4
*

[Event "2023 Standard Chess Dropout Tournament, Round 5"]
[Site "SchemingMind.com"]
[Date "2024.11.07"]
[Round "5"]
[White "eliecercruzr"]
[Black "George Dimitrov"]
[Result "*"]
[WhiteCountry "CUB"]
[BlackCountry "BUL"]
[WhiteElo "2435"]
[WhiteRD "59"]
[BlackElo "2542"]
[BlackRD "106"]
[GameID "748694"]

1. e4 e5 2. Nf3 Nc6 3. d4 exd4 4. Nxd4 Nf6 5. Nxc6 bxc6 6. e5 Qe7 7. Qe2 Nd5 8. c4 Ba6 9. b3 g6 10. g3 Bg7
11. Bb2 O-O 12. Bg2
*

[Event "2023 Standard Chess Dropout Tournament, Round 5"]
[Site "SchemingMind.com"]
[Date "2024.11.08"]
[Round "5"]
[White "Enri Arturo"]
[Black "Stephen Dunning"]
[Result "*"]
[WhiteCountry "CUB"]
[BlackCountry "WLS"]
[WhiteElo "2561"]
[WhiteRD "112"]
[BlackElo "2004"]
[BlackRD "82"]
[GameID "748695"]

1. d4 d5 2. c4 e6 3. Nc3 Nf6 4. Nf3 Bb4 5. cxd5 exd5 6. Bg5 Nbd7 7. Qc2 O-O 8. e3 c5 9. Bd3 h6 10. Bh4 c4
11. Bf5 Nb6 12. O-O Qd6 13. Bxc8 Raxc8 14. Nb5 Qe6
*

[Event "2023 Standard Chess Dropout Tournament, Round 5"]
[Site "SchemingMind.com"]
[Date "2024.11.11"]
[Round "5"]
[White "George Dimitrov"]
[Black "pompey"]
[Result "*"]
[WhiteCountry "BUL"]
[BlackCountry "ENG"]
[WhiteElo "2542"]
[WhiteRD "106"]
[BlackElo "2481"]
[BlackRD "113"]
[GameID "748696"]

1. e4 e5 2. Nf3 Nf6 3. d4 Nxe4 4. Bd3 d5 5. Nxe5 Nd7 6. Nxd7 Bxd7 7. O-O Bd6 8. Nc3 Nxc3 9. bxc3 O-O 10. Qh5 f5
11. Re1 c6 12. Bg5 Qc7 13. c4 Be8
*

[Event "2023 Standard Chess Dropout Tournament, Round 5"]
[Site "SchemingMind.com"]
[Date "2024.11.08"]
[Round "5"]
[White "Giraldo Menendez Rodriguez"]
[Black "Rubén Pulido "]
[Result "*"]
[WhiteCountry "CUB"]
[BlackCountry "CUB"]
[WhiteElo "2546"]
[WhiteRD "96"]
[BlackElo "2565"]
[BlackRD "113"]
[GameID "748697"]

1. e4 c5 2. Nf3 d6 3. d4 cxd4 4. Nxd4 Nf6 5. Nc3 g6 6. Be3 Bg7 7. f3 O-O 8. Qd2 Nc6 9. O-O-O d5 10. exd5 Nxd5
11. Nxc6 bxc6 12. Bd4 Bxd4 13. Qxd4 Qb6 14. Na4 Qc7 15. Nc5 Rd8 16. Bc4 Bf5 17. Bb3 Nb6 18. Qe3
*

[Event "2023 Standard Chess Dropout Tournament, Round 5"]
[Site "SchemingMind.com"]
[Date "2024.11.10"]
[Round "5"]
[White "Sebastian Strauchler"]
[Black "Matthew Bailey"]
[Result "*"]
[WhiteCountry "ARG"]
[BlackCountry "ENG"]
[WhiteElo "2328"]
[WhiteRD "149"]
[BlackElo "2573"]
[BlackRD "83"]
[GameID "748700"]

1. e4 e6 2. d4 d5 3. Bd3 dxe4 4. Bxe4 Nf6 5. Bf3 c5 6. Ne2 Nc6 7. Be3 cxd4 8. Nxd4 Ne5 9. Nc3 a6 10. Qe2 Nxf3+
11. gxf3 Nd5 12. Nxd5 Qxd5 13. O-O-O Be7 14. Rhg1 Bf6 15. Nb3 Qe5 16. c3 Bd7 17. f4 Qf5 18. Qd2 Bb5
*

[Event "2023 Standard Chess Dropout Tournament, Round 5"]
[Site "SchemingMind.com"]
[Date "2024.11.11"]
[Round "5"]
[White "John Elburg"]
[Black "Helga1946"]
[Result "*"]
[WhiteCountry "NED"]
[BlackCountry "GER"]
[WhiteElo "2561"]
[WhiteRD "110"]
[BlackElo "2424"]
[BlackRD "65"]
[GameID "748702"]

1. e4 e5 2. Nf3 Nc6 3. Bb5 a6 4. Ba4 Be7 5. O-O Nf6 6. Re1 b5 7. Bb3 O-O 8. a4 b4 9. d3 d6 10. a5 Be6
11. Nbd2 Bxb3 12. Nxb3 Re8 13. h3 Qd7 14. Bg5 Rad8 15. Bh4 h6 16. d4 exd4 17. Nfxd4 Nh7 18. Bxe7
*

[Event "2023 Standard Chess Dropout Tournament, Round 5"]
[Site "SchemingMind.com"]
[Date "2024.11.08"]
[Round "5"]
[White "Rubén Pulido "]
[Black "Rommel85"]
[Result "*"]
[WhiteCountry "CUB"]
[BlackCountry "CUB"]
[WhiteElo "2565"]
[WhiteRD "113"]
[BlackElo "2522"]
[BlackRD "94"]
[GameID "748703"]

1. e4 e5 2. Nf3 Nc6 3. Bc4 Bc5 4. c3 Nf6 5. d3 d6 6. O-O O-O 7. h3 a5 8. Re1 h6 9. Nbd2 Be6 10. Bb5 Qb8
11. Nf1 Qa7 12. Be3 Bxe3 13. Nxe3 Ne7 14. a4 Ng6 15. d4 Nxe4 16. Bd3 Nf6
*

[Event "2023 Standard Chess Dropout Tournament, Round 5"]
[Site "SchemingMind.com"]
[Date "2024.11.07"]
[Round "5"]
[White "Juan Jose Rivas Maceda"]
[Black "pjl1015"]
[Result "*"]
[WhiteCountry "PER"]
[BlackCountry "USA"]
[WhiteElo "2541"]
[WhiteRD "75"]
[BlackElo "2354"]
[BlackRD "122"]
[GameID "748704"]

1. e4 e6 2. d4 d5 3. Nc3 Nf6 4. Bg5 Be7 5. e5 Nfd7 6. Bxe7 Qxe7 7. f4 O-O 8. Nf3 c5 9. Nb5 Nc6 10. c3 cxd4
11. cxd4 f6 12. h4 Nb6 13. Nd6 Bd7
*

[Event "2023 Standard Chess Dropout Tournament, Round 5"]
[Site "SchemingMind.com"]
[Date "2024.11.10"]
[Round "5"]
[White "Ninaner2"]
[Black "Udo Sprang"]
[Result "*"]
[WhiteCountry "NED"]
[BlackCountry "NED"]
[WhiteElo "2330"]
[WhiteRD "118"]
[BlackElo "2088"]
[BlackRD "110"]
[GameID "748706"]

1. e4 d6 2. d4 Nf6 3. Nc3 e5 4. Nf3 Nbd7 5. Bc4 Be7 6. O-O O-O 7. Re1 c6 8. a4 b6 9. d5 cxd5 10. Nxd5 Bb7
11. b3 Nc5 12. Nxf6+ Bxf6 13. Bd5
*

[Event "2023 Standard Chess Dropout Tournament, Round 5"]
[Site "SchemingMind.com"]
[Date "2024.11.10"]
[Round "5"]
[White "pjl1015"]
[Black "Ninaner2"]
[Result "*"]
[WhiteCountry "USA"]
[BlackCountry "NED"]
[WhiteElo "2354"]
[WhiteRD "122"]
[BlackElo "2330"]
[BlackRD "118"]
[GameID "748708"]

1. d4 Nf6 2. c4 e6 3. Nc3 Bb4 4. e3 O-O 5. Bd2 c6 6. Bd3 d5 7. Nf3 Nbd7 8. O-O dxc4 9. Bxc4 Bd6 10. Qc2 a6
*

[Event "2023 Standard Chess Dropout Tournament, Round 5"]
[Site "SchemingMind.com"]
[Date "2024.11.09"]
[Round "5"]
[White "Stephen Dunning"]
[Black "trazadora"]
[Result "*"]
[WhiteCountry "WLS"]
[BlackCountry "CUB"]
[WhiteElo "2004"]
[WhiteRD "82"]
[BlackElo "2545"]
[BlackRD "106"]
[GameID "748711"]

1. d4 d5 2. Bf4 c5 3. Nc3 Nc6 4. e4 cxd4 5. exd5 dxc3 6. dxc6 Qxd1+ 7. Rxd1 bxc6 8. Bc7 e6 9. Rd8+ Ke7 10. bxc3 Nf6
11. Ba6 Bb7 12. Bxb7 Rxd8 13. Bxd8+ Kxd8 14. Bxc6 Bc5 15. Ne2 Ke7 16. Ba4= Rd8 17. O-O Rd2 18. Nf4
*

[Event "2023 Standard Chess Dropout Tournament, Round 5"]
[Site "SchemingMind.com"]
[Date "2024.11.09"]
[Round "5"]
[White "trazadora"]
[Black "Enri Arturo"]
[Result "*"]
[WhiteCountry "CUB"]
[BlackCountry "CUB"]
[WhiteElo "2545"]
[WhiteRD "106"]
[BlackElo "2561"]
[BlackRD "112"]
[GameID "748712"]

1. c4 e5 2. Nc3 Nf6 3. Nf3 Nc6 4. Qc2 Nd4 5. Nxd4 exd4 6. Nd5 c6 7. Nxf6+ Qxf6 8. g3 Bc5 9. d3 O-O 10. Bg2 Re8
11. a3 a5 12. O-O d6 13. b3 Bb6 14. Re1 Re7 15. Bb2 Qf5 16. Bc1 h6
*